Elektroizolačné materiály. Stanovenie vplyvu ionizujúceho žiarenia. časť 4: Klasifikačný systém na používanie v prostredí radiácie STN EN 60544-4
Guardado en:
| Formato: | Libro |
|---|---|
| Lenguaje: | inglés |
| Publicado: |
Brusel :
CENELEC,
2004
|
| Etiquetas: |
Sin Etiquetas, Sea el primero en etiquetar este registro!
|
MARC
| LEADER | 00000nam a22000003a 4500 | ||
|---|---|---|---|
| 001 | 0113684 | ||
| 003 | SK-STU | ||
| 005 | 20250114105901.1 | ||
| 007 | ta | ||
| 008 | 250114s ----xo-----e------000-0-----d | ||
| 040 | |a STU |b slo | ||
| 041 | 0 | |a eng | |
| 044 | |a be | ||
| 245 | 1 | 0 | |a Elektroizolačné materiály. Stanovenie vplyvu ionizujúceho žiarenia. časť 4: Klasifikačný systém na používanie v prostredí radiácie |b STN EN 60544-4 |
| 260 | |a Brusel : |b CENELEC, |c 2004 | ||
| 300 | |a 23 s. | ||
| 996 | |b 284EO00666 |c E*O- 666 |l EE32 |s P |a 0 |w 0113684_0001 | ||